[Event "Tradewise Gibraltar Masters 16th"]
[Site "Gibraltar"]
[Date "2018.01.30"]
[Round "8.107"]
[White "Van Zyl-Rudd, Jack"]
[Black "Arroyo Rodriguez, Jesus"]
[Result "1-0"]
[WhiteElo "2197"]
[BlackElo "2057"]
[PlyCount "121"]
[EventDate "2018.01.23"]
[EventType "swiss"]
[EventRounds "10"]
[EventCountry "GGB"]
[SourceTitle "BritBase"]
[Source "www.saund.co.uk"]
[SourceDate "2018.02.10"]
[SourceVersion "1"]
[SourceVersionDate "2018.02.10"]
[SourceQuality "1"]

1. d4 d5 2. c4 e6 3. Nc3 a6 4. cxd5 exd5 5. Nf3 c6 6. Qc2 Bd6 7. Bg5 f6 8. Bd2
Ne7 9. e4 dxe4 10. Nxe4 Bc7 11. Bc4 Nd5 12. O-O O-O 13. Rae1 Bg4 14. Qd3 b6 15.
Ng3 Qd7 16. Bb4 Rf7 17. Qe4 g6 18. Ba3 b5 19. Qe8+ Kg7 20. Bxd5 Qxd5 21. Bc5
Bd7 22. Qe3 a5 23. Ne4 Na6 24. Qb3 Be6 25. Neg5 fxg5 26. Rxe6 Qxb3 27. axb3
Nxc5 28. dxc5 Rc8 29. Rd1 h6 30. h3 Rf6 31. Rd7+ Rf7 32. Rd3 Rf6 33. Re7+ Rf7
34. Re2 Rf5 35. Nd4 Rd5 36. Ne6+ Kf7 37. Rxd5 cxd5 38. Nd4 Bb8 39. Rc2 b4 40.
Nb5 Rc6 41. Kf1 Be5 42. Ke2 Ke6 43. Kd3 Kd7 44. Na7 Rf6 45. c6+ Kd8 46. Nb5 Bc7
47. Kd4 Bb6+ 48. Ke5 Rf5+ 49. Ke6 Bc7 50. Rd2 Re5+ 51. Kf6 Re8 52. Rxd5+ Kc8
53. Rd7 Be5+ 54. Kf7 Rh8 55. Kxg6 Rf8 56. Rf7 Rxf7 57. Kxf7 Bxb2 58. Ke6 a4 59.
bxa4 b3 60. Kd6 Bc1 61. Na7+ 1-0

[Event "Tradewise Gibraltar Masters 16th"]
[Site "Gibraltar"]
[Date "2018.01.30"]
[Round "8.108"]
[White "Weisbuch, Udi"]
[Black "Coleman, David J"]
[Result "0-1"]
[WhiteElo "2177"]
[BlackElo "2055"]
[PlyCount "96"]
[EventDate "2018.01.23"]
[EventType "swiss"]
[EventRounds "10"]
[EventCountry "GGB"]
[SourceTitle "BritBase"]
[Source "www.saund.co.uk"]
[SourceDate "2018.02.10"]
[SourceVersion "1"]
[SourceVersionDate "2018.02.10"]
[SourceQuality "1"]

1. e4 c5 2. Nf3 e6 3. c3 Nf6 4. e5 Nd5 5. d4 cxd4 6. cxd4 b6 7. Nc3 Nxc3 8.
bxc3 Bb7 9. Bd3 Be7 10. Qc2 Qc7 11. O-O h6 12. Nd2 Nc6 13. Ne4 f5 14. exf6 gxf6
15. Qe2 O-O-O 16. Ba6 Rdg8 17. Bxb7+ Qxb7 18. f3 f5 19. Nf2 Bd6 20. Nd3 Rh7 21.
Be3 Rhg7 22. Rf2 h5 23. Rb1 h4 24. Bh6 Rg6 25. Bf4 Qc7 26. Qe3 Kd8 27. c4 Ne7
28. Bxd6 Qxd6 29. Nf4 R6g7 30. c5 Qc6 31. Qe5 Qc7 32. cxb6 axb6 33. Qe3 Qd6 34.
Rfb2 Nd5 35. Nxd5 Qxd5 36. Qf4 Ke8 37. Rc1 Kf7 38. Rc3 Qa5 39. Qc7 Qa4 40. Rd2
Rxg2+ 41. Rxg2 Qxd4+ 42. Re3 Qxe3+ 43. Kf1 Qxf3+ 44. Ke1 Qxg2 45. Qxd7+ Kf6 46.
Qd4+ Ke7 47. Qxh4+ Qg5 48. Qb4+ Kf7 0-1

[Event "Tradewise Gibraltar Masters 16th"]
[Site "Gibraltar"]
[Date "2018.01.30"]
[Round "8.109"]
[White "Avila Fraire, Ameyalli"]
[Black "Baert, Andy"]
[Result "1/2-1/2"]
[WhiteElo "2014"]
[BlackElo "2164"]
[PlyCount "107"]
[EventDate "2018.01.23"]
[EventType "swiss"]
[EventRounds "10"]
[EventCountry "GGB"]
[SourceTitle "BritBase"]
[Source "www.saund.co.uk"]
[SourceDate "2018.02.10"]
[SourceVersion "1"]
[SourceVersionDate "2018.02.10"]
[SourceQuality "1"]

1. e4 c5 2. Nf3 d6 3. d4 cxd4 4. Nxd4 Nf6 5. Nc3 a6 6. Bg5 e6 7. f4 Nbd7 8. Bc4
Qb6 9. Bb3 Be7 10. f5 e5 11. Nf3 h6 12. Bxf6 Nxf6 13. Qd2 Qc5 14. O-O-O b5 15.
Rhe1 a5 16. Bd5 Rb8 17. Kb1 Bd7 18. Qe3 Qc8 19. g4 b4 20. Ne2 a4 21. b3 Qa6 22.
Nc1 Rc8 23. h3 Rc3 24. Rd3 axb3 25. Bxb3 Qa5 26. g5 Nh5 27. Rxc3 bxc3 28. Ne2
hxg5 29. Nxg5 Bxg5 30. Qxg5 Nf4 31. Nxf4 exf4 32. Qxf4 Qa3 33. Qc1 Qxc1+ 34.
Kxc1 Rxh3 35. a4 Ke7 36. Kb1 Kf6 37. Ka2 Ke5 38. Ka3 f6 39. Bd5 Bxf5 40. exf5+
Kxd5 41. Rg1 Rh7 42. Kb4 Ke5 43. Rf1 Rh4+ 44. Kb3 d5 45. Rg1 Kxf5 46. Rxg7 Rc4
47. a5 Rc8 48. a6 d4 49. a7 Ke4 50. Re7+ Kf3 51. Rc7 Ra8 52. Re7 Rc8 53. Rc7
Ra8 54. Re7 1/2-1/2

[Event "Tradewise Gibraltar Masters 16th"]
[Site "Gibraltar"]
[Date "2018.01.30"]
[Round "8.110"]
[White "Bopp, Thomas"]
[Black "Marder, Simon"]
[Result "1-0"]
[WhiteElo "2154"]
[BlackElo "2054"]
[PlyCount "63"]
[EventDate "2018.01.23"]
[EventType "swiss"]
[EventRounds "10"]
[EventCountry "GGB"]
[SourceTitle "BritBase"]
[Source "www.saund.co.uk"]
[SourceDate "2018.02.10"]
[SourceVersion "1"]
[SourceVersionDate "2018.02.10"]
[SourceQuality "1"]

1. d4 d5 2. Nf3 Nc6 3. c4 e5 4. e3 exd4 5. Nxd4 Nxd4 6. Qxd4 Nf6 7. Nc3 Be6 8.
cxd5 Nxd5 9. Be2 Be7 10. O-O O-O 11. Nxd5 Qxd5 12. Qxd5 Bxd5 13. Rd1 Rfd8 14.
Bd2 Bf6 15. Bc3 Bxc3 16. bxc3 Kf8 17. f4 Ke7 18. Kf2 Rd6 19. Bf3 Rad8 20. e4
Bc4 21. Rdb1 Rd2+ 22. Ke1 b6 23. Rb4 Be6 24. f5 Bc8 25. Rc4 c5 26. Ra4 a6 27.
e5 Rc2 28. Rd1 b5 29. f6+ gxf6 30. exf6+ Kxf6 31. Rxd8 bxa4 32. Rxc8 1-0

[Event "Tradewise Gibraltar Masters 16th"]
[Site "Gibraltar"]
[Date "2018.01.30"]
[Round "8.111"]
[White "Bryant, Richard B E"]
[Black "Ranaivoharisoa, Alain"]
[Result "0-1"]
[WhiteElo "2016"]
[BlackElo "2142"]
[PlyCount "73"]
[EventDate "2018.01.23"]
[EventType "swiss"]
[EventRounds "10"]
[EventCountry "GGB"]
[SourceTitle "BritBase"]
[Source "www.saund.co.uk"]
[SourceDate "2018.02.10"]
[SourceVersion "1"]
[SourceVersionDate "2018.02.10"]
[SourceQuality "1"]

1. e4 g6 2. d4 Bg7 3. c3 c6 4. Bd3 d5 5. e5 c5 6. Ne2 Nc6 7. Nd2 Bg4 8. f3 Bd7
9. f4 cxd4 10. Nxd4 Nxd4 11. cxd4 Nh6 12. Qb3 Bc6 13. Nf3 e6 14. Bd2 Nf5 15.
O-O Qb6 16. Qxb6 axb6 17. a4 O-O 18. b3 Rfc8 19. Rac1 Ne7 20. Bb4 Bf8 21. Kf2
Bd7 22. Rxc8 Rxc8 23. g4 Nc6 24. Bxf8 Kxf8 25. Bb5 Ke7 26. Rc1 h6 27. Ke3 Rh8
28. h4 Rc8 29. Rc3 Nxe5 30. Rxc8 Nxg4+ 31. Kd2 Bxc8 32. Ne5 Nf2 33. Ke3 Ne4 34.
Bd3 Nd6 35. Nf3 Bd7 36. Kd2 Be8 37. Kc3 0-1

[Event "Tradewise Gibraltar Masters 16th"]
[Site "Gibraltar"]
[Date "2018.01.30"]
[Round "8.112"]
[White "Herzwurm, Robert"]
[Black "Bozinovic, Boban"]
[Result "0-1"]
[WhiteElo "2123"]
[BlackElo "1972"]
[PlyCount "74"]
[EventDate "2018.01.23"]
[EventType "swiss"]
[EventRounds "10"]
[EventCountry "GGB"]
[SourceTitle "BritBase"]
[Source "www.saund.co.uk"]
[SourceDate "2018.02.10"]
[SourceVersion "1"]
[SourceVersionDate "2018.02.10"]
[SourceQuality "1"]

1. e4 c5 2. Nc3 Nc6 3. f4 g6 4. Nf3 Bg7 5. Bb5 Nd4 6. O-O Nxb5 7. Nxb5 d6 8. d3
a6 9. Nc3 e6 10. f5 Ne7 11. f6 Bxf6 12. Ng5 Bd4+ 13. Kh1 O-O 14. Qe1 h6 15. Nf3
Bg7 16. Qh4 Nc6 17. Bg5 f6 18. Bxh6 Qe7 19. e5 Nxe5 20. Nxe5 dxe5 21. Ne4 Bd7
22. Be3 b6 23. Rf3 Bc6 24. Rg3 Bxe4 25. dxe4 Qe8 26. Qg4 Rd8 27. h4 Rd7 28. Rd1
Rxd1+ 29. Qxd1 Qd8 30. Qg4 Qe8 31. h5 f5 32. Qh4 f4 33. Rxg6 fxe3 34. Qg3 Rf1+
35. Kh2 Qf7 36. h6 Qf4 37. Rxg7+ Kh8 0-1

[Event "Tradewise Gibraltar Masters 16th"]
[Site "Gibraltar"]
[Date "2018.01.30"]
[Round "8.113"]
[White "Cramling Bellon, Anna"]
[Black "Villar Reymundo, Juan Antonio"]
[Result "0-1"]
[WhiteElo "1978"]
[BlackElo "2121"]
[PlyCount "84"]
[EventDate "2018.01.23"]
[EventType "swiss"]
[EventRounds "10"]
[EventCountry "GGB"]
[SourceTitle "BritBase"]
[Source "www.saund.co.uk"]
[SourceDate "2018.02.10"]
[SourceVersion "1"]
[SourceVersionDate "2018.02.10"]
[SourceQuality "1"]

1. d4 Nf6 2. c4 c5 3. d5 e6 4. Nc3 exd5 5. cxd5 Bd6 6. e4 O-O 7. f4 Nxe4 8.
Nxe4 Re8 9. Bd3 f5 10. Ne2 fxe4 11. Bc4 b6 12. O-O Ba6 13. Qb3 Bxc4 14. Qxc4
Qf6 15. a4 a5 16. Ra3 Na6 17. Rg3 Nb4 18. Bd2 Re7 19. Bc3 Qf8 20. Rg5 Rae8 21.
Be5 Rf7 22. Bxd6 Qxd6 23. Ng3 h6 24. Nf5 Qf6 25. Rh5 Kf8 26. d6 Qe6 27. Qxe6
Rxe6 28. Ng3 Nc6 29. Rd5 Nd4 30. f5 Re8 31. Re1 e3 32. h3 Kg8 33. Kh2 Kh7 34.
h4 g6 35. fxg6+ Kxg6 36. Ne2 Rf5 37. Rxf5 Kxf5 38. Ng3+ Kg4 39. h5 e2 40. b3
Re3 41. Nh1 Nc2 42. Nf2+ Kxh5 0-1

[Event "Tradewise Gibraltar Masters 16th"]
[Site "Gibraltar"]
[Date "2018.01.30"]
[Round "8.114"]
[White "Stewart, Ashley"]
[Black "Suez-Panama, Gilles"]
[Result "0-1"]
[WhiteElo "2120"]
[BlackElo "1959"]
[PlyCount "80"]
[EventDate "2018.01.23"]
[EventType "swiss"]
[EventRounds "10"]
[EventCountry "GGB"]
[SourceTitle "BritBase"]
[Source "www.saund.co.uk"]
[SourceDate "2018.02.10"]
[SourceVersion "1"]
[SourceVersionDate "2018.02.10"]
[SourceQuality "1"]

1. c4 e5 2. g3 Nc6 3. Nc3 f5 4. Bg2 Nf6 5. e3 d5 6. cxd5 Nb4 7. d3 c6 8. e4
cxd5 9. a3 Nc6 10. exd5 Nd4 11. Bg5 Bd6 12. Nf3 Nxf3+ 13. Bxf3 O-O 14. O-O Bd7
15. Qb3 a6 16. Qxb7 Qe7 17. Bxf6 gxf6 18. Qb3 Rab8 19. Qc2 Kh8 20. Bg2 Rg8 21.
Qe2 Rg6 22. Rab1 Rbg8 23. b4 Qg7 24. a4 Rg4 25. b5 axb5 26. axb5 Bc5 27. Qf3
Bb6 28. Rfc1 f4 29. Ne4 fxg3 30. hxg3 f5 31. Nc5 f4 32. Rb4 fxg3 33. Rxg4 gxf2+
34. Qxf2 Bxg4 35. d4 Bh3 36. Rc2 Bxg2 37. Ne6 Qg6 38. Nf8 Qxc2 39. Qf6+ Rg7 40.
Ng6+ Qxg6 0-1

[Event "Tradewise Gibraltar Masters 16th"]
[Site "Gibraltar"]
[Date "2018.01.30"]
[Round "8.115"]
[White "Smith, Andrew Philip"]
[Black "Sajjadi, Kimiya"]
[Result "1-0"]
[WhiteElo "2111"]
[BlackElo "1911"]
[PlyCount "77"]
[EventDate "2018.01.23"]
[EventType "swiss"]
[EventRounds "10"]
[EventCountry "GGB"]
[SourceTitle "BritBase"]
[Source "www.saund.co.uk"]
[SourceDate "2018.02.10"]
[SourceVersion "1"]
[SourceVersionDate "2018.02.10"]
[SourceQuality "1"]

1. e4 e6 2. d4 d5 3. Nc3 Nf6 4. e5 Nfd7 5. Qh5 c5 6. Nf3 g6 7. Qg4 cxd4 8. Nxd4
Nxe5 9. Qg3 Bg7 10. Bf4 Nbc6 11. Nxc6 Nxc6 12. Bc7 Qd7 13. Bd6 a6 14. O-O-O Ne7
15. Bd3 O-O 16. h4 h5 17. Rhe1 Re8 18. Be5 Bxe5 19. Rxe5 Kh8 20. Ne2 Rg8 21.
Nf4 Nf5 22. Bxf5 gxf5 23. Qf3 Rg4 24. Nxh5 Qa4 25. Kb1 Rxh4 26. Ng3 Qg4 27. Qd3
Bd7 28. Ree1 Kg7 29. Qc3+ Kg6 30. Qc7 Bc6 31. Ne2 Qb4 32. a3 Qc4 33. b3 Qc5 34.
Nf4+ Kf6 35. g3 Rh7 36. Rxe6+ Kg5 37. Nh3+ Rxh3 38. Qf4+ Kh5 39. Rh6# 1-0

[Event "Tradewise Gibraltar Masters 16th"]
[Site "Gibraltar"]
[Date "2018.01.30"]
[Round "8.116"]
[White "Povah, Nigel E"]
[Black "Sanjuan Garcia, Miguel"]
[Result "1-0"]
[WhiteElo "2310"]
[BlackElo "2019"]
[PlyCount "53"]
[EventDate "2018.01.23"]
[EventType "swiss"]
[EventRounds "10"]
[EventCountry "GGB"]
[SourceTitle "BritBase"]
[Source "www.saund.co.uk"]
[SourceDate "2018.02.10"]
[SourceVersion "1"]
[SourceVersionDate "2018.02.10"]
[SourceQuality "1"]

1. d4 g6 2. e4 Bg7 3. Nc3 a6 4. Be3 b5 5. Bd3 Bb7 6. Qd2 d6 7. a4 b4 8. Nce2
Nd7 9. Qxb4 Rb8 10. Qd2 h5 11. Nh3 c5 12. c3 Ngf6 13. f3 Qc7 14. b4 c4 15. Bc2
e6 16. O-O d5 17. Ng5 Rd8 18. e5 Ng8 19. Nxe6 fxe6 20. Bxg6+ Kf8 21. Bg5 Ngf6
22. Nf4 Ke7 23. Nxh5 Nxe5 24. dxe5 Qxe5 25. Rfe1 Qd6 26. Nxg7 Qxh2+ 27. Kf2 1-0

[Event "Tradewise Gibraltar Masters 16th"]
[Site "Gibraltar"]
[Date "2018.01.30"]
[Round "8.117"]
[White "Safarian, Alek"]
[Black "Walton, Alan J"]
[Result "0-1"]
[WhiteElo "2006"]
[BlackElo "2194"]
[PlyCount "60"]
[EventDate "2018.01.23"]
[EventType "swiss"]
[EventRounds "10"]
[EventCountry "GGB"]
[SourceTitle "BritBase"]
[Source "www.saund.co.uk"]
[SourceDate "2018.02.10"]
[SourceVersion "1"]
[SourceVersionDate "2018.02.10"]
[SourceQuality "1"]

1. d4 d5 2. c4 e6 3. Nf3 c6 4. Nc3 Nf6 5. e3 Nbd7 6. Qc2 Bd6 7. Bd3 dxc4 8.
Bxc4 b5 9. Be2 Bb7 10. O-O Qe7 11. e4 e5 12. dxe5 Nxe5 13. Nd4 g6 14. Kh1 Neg4
15. h3 Bc5 16. e5 Nxe5 17. Nb3 Bb6 18. Bh6 O-O-O 19. Rfe1 Rhe8 20. Bf4 Qd7 21.
Bxb5 cxb5 22. Nd5+ Bc6 23. Nxb6+ axb6 24. f3 Nc4 25. Rad1 Qf5 26. Qc1 Nd5 27.
Nd4 Qxf4 28. Qxf4 Nxf4 29. Nxc6 Rxd1 30. Rxd1 Re2 0-1

[Event "Tradewise Gibraltar Masters 16th"]
[Site "Gibraltar"]
[Date "2018.01.30"]
[Round "8.118"]
[White "Wilson, Matthew R"]
[Black "Hewson, Brian W R"]
[Result "0-1"]
[WhiteElo "1782"]
[BlackElo "2024"]
[PlyCount "114"]
[EventDate "2018.01.23"]
[EventType "swiss"]
[EventRounds "10"]
[EventCountry "GGB"]
[SourceTitle "BritBase"]
[Source "www.saund.co.uk"]
[SourceDate "2018.02.10"]
[SourceVersion "1"]
[SourceVersionDate "2018.02.10"]
[SourceQuality "1"]

1. e4 c6 2. d4 d5 3. exd5 cxd5 4. Bd3 Nc6 5. c3 Qc7 6. Ne2 Bg4 7. f3 Bd7 8. Na3
a6 9. Nc2 Nf6 10. O-O e5 11. dxe5 Nxe5 12. Bf4 Bd6 13. Ne3 Nxd3 14. Bxd6 Qxd6
15. Qxd3 O-O 16. Nd4 Qb6 17. a4 Rac8 18. Rf2 Rfe8 19. Rd2 Qc5 20. Ndc2 Re5 21.
Qd4 Qe7 22. Rdd1 Bc6 23. Re1 Re8 24. Kf2 Qc7 25. Ng4 Nxg4+ 26. Qxg4 Qb6+ 27.
Kf1 Qxb2 28. Rxe5 Rxe5 29. Re1 Rxe1+ 30. Nxe1 g6 31. Qd4 Qa3 32. Qe5 Bxa4 33.
Qb8+ Qf8 34. Qxb7 Bb5+ 35. Kf2 Qc5+ 36. Kg3 Qxc3 37. Qe7 Qc6 38. Kf2 Qb6+ 39.
Kg3 Qe6 40. Qd8+ Kg7 41. Qa5 d4 42. Nc2 Qf6 43. Qd2 d3 44. Ne3 h5 45. Kf2 Qd4
46. Ke1 Kh7 47. Kf1 Bc4 48. h3 Qa1+ 49. Kf2 Qa2 50. Qxa2 Bxa2 51. Ke1 Kg7 52.
Kd2 Bb1 53. Nc4 Kf6 54. Ke3 Ke6 55. Kd2 Bc2 56. g3 Kd5 57. g4 Kxc4 0-1

[Event "Tradewise Gibraltar Masters 16th"]
[Site "Gibraltar"]
[Date "2018.01.30"]
[Round "8.119"]
[White "Pinho, Paulo"]
[Black "Burke, Mitchell R"]
[Result "1-0"]
[WhiteElo "2186"]
[BlackElo "1989"]
[PlyCount "75"]
[EventDate "2018.01.23"]
[EventType "swiss"]
[EventRounds "10"]
[EventCountry "GGB"]
[SourceTitle "BritBase"]
[Source "www.saund.co.uk"]
[SourceDate "2018.02.10"]
[SourceVersion "1"]
[SourceVersionDate "2018.02.10"]
[SourceQuality "1"]

1. d4 Nf6 2. c4 g6 3. Nc3 Bg7 4. e4 d6 5. Be2 O-O 6. Nf3 Bg4 7. Be3 a6 8. O-O
Nfd7 9. Ne1 Bxe2 10. Qxe2 c5 11. Rd1 cxd4 12. Bxd4 Bxd4 13. Rxd4 Nc6 14. Rd2
Qa5 15. Nc2 b5 16. cxb5 axb5 17. a3 b4 18. axb4 Nxb4 19. Nxb4 Qxb4 20. Nd5 Qb7
21. Nxe7+ Kg7 22. Qe3 Ne5 23. Nd5 Qa7 24. Qg5 f6 25. Qg3 f5 26. Nf4 Kh8 27.
Rxd6 Qc7 28. Re6 Rae8 29. exf5 gxf5 30. Re1 Qa5 31. Qc3 Qxc3 32. bxc3 Rxe6 33.
Nxe6 Rb8 34. h4 Nc4 35. Nd4 f4 36. Re4 Rb1+ 37. Kh2 Rc1 38. Nf5 1-0

[Event "Tradewise Gibraltar Masters 16th"]
[Site "Gibraltar"]
[Date "2018.01.30"]
[Round "8.120"]
[White "Gagare, Shalmali"]
[Black "Barraza Caracuel, Ignacio"]
[Result "1/2-1/2"]
[WhiteElo "2001"]
[BlackElo "2185"]
[PlyCount "60"]
[EventDate "2018.01.23"]
[EventType "swiss"]
[EventRounds "10"]
[EventCountry "GGB"]
[SourceTitle "BritBase"]
[Source "www.saund.co.uk"]
[SourceDate "2018.02.10"]
[SourceVersion "1"]
[SourceVersionDate "2018.02.10"]
[SourceQuality "1"]

1. c4 e5 2. g3 Nc6 3. Bg2 g6 4. Nc3 Bg7 5. Nf3 Nge7 6. d3 d6 7. Rb1 a5 8. O-O
O-O 9. a3 h6 10. b4 axb4 11. axb4 f5 12. b5 Nd4 13. Nxd4 exd4 14. Nd5 Nxd5 15.
Bxd5+ Kh7 16. Qc2 Qe7 17. e3 Rb8 18. exd4 Bxd4 19. Bb2 Bxb2 20. Qxb2 Re8 21.
Qc3 Be6 22. Rfe1 Qd7 23. Bxe6 Rxe6 24. Rxe6 Qxe6 25. Re1 Qf7 26. Qd4 b6 27. Kg2
Rd8 28. Qe3 Rd7 29. Qe8 Qxe8 30. Rxe8 Kg7 1/2-1/2

[Event "Tradewise Gibraltar Masters 16th"]
[Site "Gibraltar"]
[Date "2018.01.30"]
[Round "8.121"]
[White "Adewole, Adeyinka"]
[Black "Lochte, Thomas"]
[Result "0-1"]
[WhiteElo "2001"]
[BlackElo "2169"]
[PlyCount "46"]
[EventDate "2018.01.23"]
[EventType "swiss"]
[EventRounds "10"]
[EventCountry "GGB"]
[SourceTitle "BritBase"]
[Source "www.saund.co.uk"]
[SourceDate "2018.02.10"]
[SourceVersion "1"]
[SourceVersionDate "2018.02.10"]
[SourceQuality "1"]

1. Nf3 c5 2. g3 d5 3. Bg2 Nc6 4. b3 e5 5. Bb2 e4 6. Ng1 Nf6 7. Nc3 Bf5 8. Qc1
d4 9. Nd1 Bd6 10. a3 O-O 11. e3 Rc8 12. Ne2 Bg4 13. Nf4 Ne5 14. h4 Nf3+ 15. Kf1
Qa5 16. Bh3 Nxd2+ 17. Kg1 Bxf4 18. Bxg4 Nxg4 19. gxf4 Nf3+ 20. Kg2 Qa6 21. c4
Qg6 22. Kf1 Ngh2+ 23. Ke2 d3# 0-1

[Event "Tradewise Gibraltar Masters 16th"]
[Site "Gibraltar"]
[Date "2018.01.30"]
[Round "8.122"]
[White "Vilarnovo Caamano, Jose"]
[Black "Makka, Ioulia"]
[Result "1-0"]
[WhiteElo "1981"]
[BlackElo "2167"]
[PlyCount "71"]
[EventDate "2018.01.23"]
[EventType "swiss"]
[EventRounds "10"]
[EventCountry "GGB"]
[SourceTitle "BritBase"]
[Source "www.saund.co.uk"]
[SourceDate "2018.02.10"]
[SourceVersion "1"]
[SourceVersionDate "2018.02.10"]
[SourceQuality "1"]

1. e4 c6 2. Nc3 d5 3. Nf3 Bg4 4. d4 e6 5. h3 Bxf3 6. Qxf3 Nf6 7. exd5 cxd5 8.
Bd3 Nc6 9. Ne2 a6 10. c3 Be7 11. Bf4 O-O 12. g4 Nd7 13. h4 Re8 14. Bc2 Nf8 15.
O-O-O b5 16. g5 Rc8 17. Rdg1 b4 18. h5 bxc3 19. g6 cxb2+ 20. Kb1 Bf6 21. gxh7+
Nxh7 22. Bh6 Ng5 23. Bxg5 Bxg5 24. h6 gxh6 25. Rxh6 Nb4 26. Qh5 Kf8 27. Rh8+
Ke7 28. Qxg5+ f6 29. Rh7+ Kd6 30. Qf4+ Kc6 31. Ba4+ Kb6 32. Bxe8 Qxe8 33. Qd6+
Ka5 34. Rc7 Ka4 35. Qc5 Rxc7 36. Nc3+ 1-0

[Event "Tradewise Gibraltar Masters 16th"]
[Site "Gibraltar"]
[Date "2018.01.30"]
[Round "8.123"]
[White "De Graaf, Dick"]
[Black "Van De Groep, William"]
[Result "1-0"]
[WhiteElo "2152"]
[BlackElo "1972"]
[PlyCount "97"]
[EventDate "2018.01.23"]
[EventType "swiss"]
[EventRounds "10"]
[EventCountry "GGB"]
[SourceTitle "BritBase"]
[Source "www.saund.co.uk"]
[SourceDate "2018.02.10"]
[SourceVersion "1"]
[SourceVersionDate "2018.02.10"]
[SourceQuality "1"]

1. e4 e6 2. d4 d5 3. Nc3 Nf6 4. e5 Nfd7 5. f4 c5 6. Nf3 Nc6 7. Be3 Be7 8. Qd2
b6 9. Bd3 O-O 10. Qf2 cxd4 11. Nxd4 Nxd4 12. Bxd4 f6 13. Qh4 f5 14. Qf2 Nc5 15.
Be2 Bd7 16. h4 Rc8 17. Rh3 Ne4 18. Nxe4 fxe4 19. c3 Bc5 20. Rd1 Kh8 21. h5 Qe7
22. Qe3 Qf7 23. g3 Qe8 24. h6 g6 25. b3 Qe7 26. c4 Bxd4 27. Qxd4 Qc5 28. Rh2
Bc6 29. Qxc5 bxc5 30. Bg4 Rce8 31. Bxe6 d4 32. Bd5 Ba8 33. b4 d3 34. Kd2 g5 35.
Ke3 Bxd5 36. cxd5 c4 37. Kxe4 gxf4 38. gxf4 Rb8 39. a3 a5 40. e6 axb4 41. axb4
Rxb4 42. Ke5 Rg8 43. Rdd2 Rg1 44. e7 Rb8 45. d6 Re1+ 46. Kf6 Rb6 47. Kf7 Rxd6
48. Ra2 Rxe7+ 49. Kxe7 1-0

[Event "Tradewise Gibraltar Masters 16th"]
[Site "Gibraltar"]
[Date "2018.01.30"]
[Round "8.124"]
[White "Ansari, Athar"]
[Black "Veltkamp, Gerben"]
[Result "0-1"]
[WhiteElo "1919"]
[BlackElo "2123"]
[PlyCount "46"]
[EventDate "2018.01.23"]
[EventType "swiss"]
[EventRounds "10"]
[EventCountry "GGB"]
[SourceTitle "BritBase"]
[Source "www.saund.co.uk"]
[SourceDate "2018.02.10"]
[SourceVersion "1"]
[SourceVersionDate "2018.02.10"]
[SourceQuality "1"]

1. e4 e5 2. Nf3 Nc6 3. Bc4 Nf6 4. Ng5 d5 5. exd5 Na5 6. Bb5+ Bd7 7. Qe2 Be7 8.
Nc3 O-O 9. a3 Bxb5 10. Qxb5 c6 11. dxc6 Nxc6 12. O-O h6 13. Nge4 Nxe4 14. Nxe4
a6 15. Qxb7 Na5 16. Nf6+ Bxf6 17. Qe4 Rc8 18. Qa4 e4 19. Rb1 Qb6 20. Qxe4 Rfe8
21. Qf5 Rc5 22. Qd7 Rd8 23. Qg4 Rxc2 0-1

[Event "Tradewise Gibraltar Masters 16th"]
[Site "Gibraltar"]
[Date "2018.01.30"]
[Round "8.125"]
[White "Bjerre, Tavs"]
[Black "Chibnall, Alana"]
[Result "0-1"]
[WhiteElo "2071"]
[BlackElo "1906"]
[PlyCount "78"]
[EventDate "2018.01.23"]
[EventType "swiss"]
[EventRounds "10"]
[EventCountry "GGB"]
[SourceTitle "BritBase"]
[Source "www.saund.co.uk"]
[SourceDate "2018.02.10"]
[SourceVersion "1"]
[SourceVersionDate "2018.02.10"]
[SourceQuality "1"]

1. d4 Nf6 2. c4 g6 3. Nc3 Bg7 4. e4 d6 5. f3 O-O 6. Nge2 c5 7. d5 e6 8. Ng3
exd5 9. cxd5 a6 10. a4 Re8 11. Be2 Nbd7 12. O-O h5 13. Bg5 Qb6 14. Qd2 Nh7 15.
Be3 h4 16. Nh1 Ne5 17. Nf2 f5 18. f4 Nf7 19. Bd3 Qb4 20. Ncd1 Qxd2 21. Bxd2
fxe4 22. Bxe4 Bf5 23. Bf3 b5 24. axb5 axb5 25. Rxa8 Rxa8 26. b4 Ra2 27. Bc3
Bxc3 28. Nxc3 Rb2 29. bxc5 dxc5 30. Nce4 c4 31. g4 hxg3 32. hxg3 Kg7 33. Ra1 b4
34. g4 Bxe4 35. Bxe4 b3 36. Ra7 Nf6 37. Rc7 Rxf2 38. Bxg6 Kxg6 39. Kxf2 b2 0-1

[Event "Tradewise Gibraltar Masters 16th"]
[Site "Gibraltar"]
[Date "2018.01.30"]
[Round "8.126"]
[White "Kozarcanin, Sead"]
[Black "Obiamiwe, Paul"]
[Result "1/2-1/2"]
[WhiteElo "2048"]
[BlackElo "1891"]
[PlyCount "67"]
[EventDate "2018.01.23"]
[EventType "swiss"]
[EventRounds "10"]
[EventCountry "GGB"]
[SourceTitle "BritBase"]
[Source "www.saund.co.uk"]
[SourceDate "2018.02.10"]
[SourceVersion "1"]
[SourceVersionDate "2018.02.10"]
[SourceQuality "1"]

1. e4 e5 2. Nc3 Nc6 3. g3 d6 4. Bg2 Nf6 5. Nge2 Bg4 6. O-O Qd7 7. f3 Bh3 8. d4
Bxg2 9. Kxg2 O-O-O 10. d5 Ne7 11. Be3 Kb8 12. a4 Nc8 13. b4 h5 14. Bg5 Be7 15.
Qd2 Nh7 16. Bxe7 Qxe7 17. f4 Nf6 18. Ng1 h4 19. Nf3 hxg3 20. hxg3 exf4 21. Qxf4
Rde8 22. Rae1 Nb6 23. Nh4 Nc4 24. Nf5 Qd7 25. Rh1 g6 26. Ng7 Nh5 27. Rxh5 gxh5
28. Nxe8 Qxe8 29. b5 Rg8 30. Rf1 Ne5 31. Rh1 Ng6 32. Qf5 h4 33. Ne2 hxg3 34.
Nxg3 1/2-1/2

[Event "Tradewise Gibraltar Masters 16th"]
[Site "Gibraltar"]
[Date "2018.01.30"]
[Round "8.127"]
[White "Hamer, Martyn"]
[Black "Lochte, Szilvia"]
[Result "1-0"]
[WhiteElo "2020"]
[BlackElo "1862"]
[PlyCount "85"]
[EventDate "2018.01.23"]
[EventType "swiss"]
[EventRounds "10"]
[EventCountry "GGB"]
[SourceTitle "BritBase"]
[Source "www.saund.co.uk"]
[SourceDate "2018.02.10"]
[SourceVersion "1"]
[SourceVersionDate "2018.02.10"]
[SourceQuality "1"]

1. d4 d5 2. c4 c6 3. Nc3 Nf6 4. Nf3 a6 5. c5 Bf5 6. Bf4 Nbd7 7. Qb3 Ra7 8. h3
h6 9. e3 e6 10. Be2 Be7 11. O-O O-O 12. Qd1 b5 13. cxb6 Nxb6 14. Ne5 Qc8 15.
Rc1 Nfd7 16. Na4 Nxe5 17. Bxe5 Nd7 18. Bg3 Qb7 19. a3 a5 20. Rc3 Rc8 21. Qd2
Raa8 22. Rfc1 f6 23. Qd1 e5 24. Bg4 Bxg4 25. Qxg4 Kh8 26. Qe6 Nf8 27. Qf7 Rc7
28. dxe5 Bb4 29. Qh5 Bxc3 30. Rxc3 fxe5 31. Bxe5 Rf7 32. Nc5 Qe7 33. Qxh6+ Kg8
34. Qxc6 Rd8 35. f4 Kh7 36. Rb3 Qh4 37. Rb7 Rxb7 38. Qxb7 Qg3 39. Qe7 Rc8 40.
f5 Qxe3+ 41. Kh2 Ne6 42. Qxe6 Rxc5 43. Qg6+ 1-0